MARC details
| 000 -CABECERA |
| campo de control de longitud fija |
01109nam a2200289 a 4500 |
| 001 - NÚMERO DE CONTROL |
| campo de control |
000023796 |
| 005 - FECHA Y HORA DE LA ÚLTIMA TRANSACCIÓN |
| campo de control |
20200930022456.0 |
| 008 - DATOS DE LONGITUD FIJA--INFORMACIÓN GENERAL |
| campo de control de longitud fija |
110113s1991 sp r 000 | spa d |
| 020 ## - NÚMERO INTERNACIONAL ESTÁNDAR DEL LIBRO |
| Número Internacional Estándar del Libro |
8473988876 |
| 040 ## - FUENTE DE LA CATALOGACIÓN |
| Centro catalogador/agencia de origen |
DO-SdBNP |
| Lengua de catalogación |
spa |
| Centro/agencia transcriptor |
BNPHU |
| 041 ## - CÓDIGO DE LENGUA |
| Código de lengua del texto/banda sonora o título independiente |
eng |
| Código de lengua original |
spa |
| Fuente del código |
Código de idioma MARC |
| 082 ## - NÚMERO DE LA CLASIFICACIÓN DECIMAL DEWEY |
| Número de clasificación |
347.7312 |
| Número de documento/Ítem |
W855t |
| 049 ## - FONDOS LOCALES (OCLC) |
| Fondos de biblioteca |
BNGR |
| 100 1# - ENTRADA PRINCIPAL--NOMBRE DE PERSONA |
| Nombre de persona |
Wolfe, Christopher |
| 9 (RLIN) |
48981 |
| 245 13 - MENCIÓN DE TÍTULO |
| Título |
La transformación de la interpretación constitucional / |
| Mención de responsabilidad, etc. |
Christopher Wolfe ; traducción de María Gracia Rubio de Casas y Sonsoles Valcárcel. |
| 260 ## - PUBLICACIÓN, DISTRIBUCIÓN, ETC. |
| Lugar de publicación, distribución, etc. |
Madrid : |
| Nombre del editor, distribuidor, etc. |
Civitas, |
| Fecha de publicación, distribución, etc. |
1991. |
| 300 ## - DESCRIPCIÓN FÍSICA |
| Extensión |
515 p. ; |
| Dimensiones |
20 cm. |
| 490 1# - MENCIÓN DE SERIE |
| Mención de serie |
Monografías Civitas |
| 500 ## - NOTA GENERAL |
| Nota general |
Incluye índice de materia |
| 500 ## - NOTA GENERAL |
| Nota general |
Incluye referencias y notas al pie de páginas |
| 650 #4 - PUNTO DE ACCESO ADICIONAL DE MATERIA--TÉRMINO DE MATERIA |
| Término de materia o nombre geográfico como elemento de entrada |
Recurso de inconsticionalidad |
| Subdivisión geográfica |
Estados Unidos |
| 9 (RLIN) |
48982 |
| 650 #4 - PUNTO DE ACCESO ADICIONAL DE MATERIA--TÉRMINO DE MATERIA |
| Término de materia o nombre geográfico como elemento de entrada |
Derecho constitucional |
| Subdivisión geográfica |
Estados Unidos |
| 9 (RLIN) |
48983 |
| 650 #4 - PUNTO DE ACCESO ADICIONAL DE MATERIA--TÉRMINO DE MATERIA |
| Término de materia o nombre geográfico como elemento de entrada |
Interpretación del derecho por el juez |
| Subdivisión geográfica |
Estados Unidos |
| 9 (RLIN) |
48984 |
| 700 1# - PUNTO DE ACCESO ADICIONAL--NOMBRE DE PERSONA |
| Nombre de persona |
Rubio de Casas, María Gracia |
| Término indicativo de función/relación |
tr. |
| 9 (RLIN) |
48985 |
| 710 1# - PUNTO DE ACCESO ADICIONAL--NOMBRE DE ENTIDAD CORPORATIVA |
| Nombre de entidad corporativa o nombre de jurisdicción como elemento de entrada |
Valcárcel, Sonsoles |
| Término indicativo de función/relación |
tr. |
| 9 (RLIN) |
48986 |
| 830 #0 - PUNTO DE ACCESO ADICIONAL DE SERIE-TÍTULO UNIFORME |
| Título uniforme |
Monografías Civitas, |
| 9 (RLIN) |
48987 |